Регионална библиотека "Любен Каравелов" - Русе

Моделиране и прогнозиране на временни редове - статистически аспекти (Запис номер 92513)

MARC детайли
000 -Лидер
Контролно поле с фиксирана дължина 01713nam a2200397 c 4500
003 - Код на организацията, давaща контролен номер
Контролно поле BLK
005 - Дата и час на последна редакция
Контролно поле 20180422104749.0
008 - Елементи от данни с фиксирана дължина
fixed length control field 180408b bul|||||r ||||||| ||bul||
010 ## - Наследен системен номер
LC control number KNG00097295000
020 ## - Международен стандартен номер на книга ISBN
Международен стандартен номер на книга ISBN 1310-2737
-- издат.: Акад. изд. Д. А. Ценов
040 ## - Източник на каталожния запис
Идентификатор на билиотеката - собственик на записа BLK
041 ## - Код за език
Код за езика на текст/звукозапис или на отделно заглавие Български
Код за езика КДБФ Български
072 #7 - Код за тематичната категория
Код организация bullib
Код за тематична категория Н31
Текст Социология Н
080 ## - УДК
Текстов определител УДК Основни статистически понятия - Статистическа единица, статистически редове, корелация, статистически показатели и др.
УДК код - определител по УДК 311.1
УДК определител
УДК - код + определител 311.1
080 ## - УДК
Текстов определител УДК Икономическо развитие
УДК код - определител по УДК 330.34
УДК определител
УДК - код + определител 330.34
100 1# - Редна дума - Автор
Автор Иванов, Любомир
Авторска отговорност първи автор
R(LIN) 370119
139 ## - Редно поле
Редна дума Иванов, Любомир
Авторски знак Иванов - И 21
245 10 - Сведения за заглавието
Заглавие Моделиране и прогнозиране на временни редове - статистически аспекти
Редно поле (дума) Любомир Иванов.
257 ## - Страна на издаване
Страна на създаване/издаване България
260 ## - Област на издателските данни
-- Свищов
Име на издателя, разпространителя и проч. Акад. изд. Д. А. Ценов
Година на издаване 2009
300 ## - Физическа характеристика
Страници 170 с.
Илюстрации и др. с табл., сх.
Размери/Мащаб 24 см
380 ## - Жанр
Жанр Обществени науки
490 1# - СЕРИИ (Колекции)
Име на серия Библиотека Стопански свят
№: серия 97
500 ## - Общи забележки
Забележка Библиогр. с. 146-150 и под линия.
650 #4 - Допълнително описание по предмет – тема
Основно описание – тема или топоним Статистика
9 (RLIN) 172055
650 #4 - Допълнително описание по предмет – тема
Основно описание – тема или топоним Икономическо развитие
9 (RLIN) 249162
653 ## - Ключова дума – ненормативна
Ключова дума статистически методи
653 ## - Ключова дума – ненормативна
Ключова дума статистика
653 ## - Ключова дума – ненормативна
Ключова дума моделиране
659 ## - Тематичен бюлетин
Тематичен бюлетин Н
852 ## - Местоположение
Форматна сигнатура Цб 249229
856 4# - Електронен адрес и достъп
Електронен формат pdf - файл
Път до файла /url/
856 4# - Електронен адрес и достъп
Електронен формат pdf - файл
Път до файла /url/
942 ## - АРТИКУЛИ
Вид на библиотечния материал Книги
Скрит в OPAC Не
944 ## - СЪЗДАВАНЕ И РЕДАКЦИЯ на ЗАПИСА
Създаване/Редакция Създаване
Дата на регистрацията/редакция 12.10.2010
Статус, дата на статуса ф /
Служител, извършил регистрацията/редакцията Людмила_Стоянова
944 ## - СЪЗДАВАНЕ И РЕДАКЦИЯ на ЗАПИСА
Създаване/Редакция Редакция
Дата на регистрацията/редакция 12.10.2011
Статус, дата на статуса ф /
Служител, извършил регистрацията/редакцията
999 ## - СИСТЕМНИ КОНТРОЛНИ НОМЕРА
Koha biblionumber 92513
Koha biblioitemnumber 92513
Наличности
Код за отписване Код за изгубен артикул Код за повреда Коз за рестрикции Код за отдаване Артикулен № Име на библиотеката - собственик Име на библиотеката, в която се намира в момента Статус (Текущо местоположение) Дата на вписване в системата Местоположение - отдел Цена в лева Инвентарен номер Систематично азбучна сигнатура Баркод Номер на екземпляра Цена в евро Служебна бележка Служебен тип на артикула
  Не е изгубен Не е повреден без рестрикции ползва се в читалня 149010 Регионална библиотека "Любен Каравелов" Русе Регионална библиотека "Любен Каравелов" Русе Хранилище 2010-10-13 Хранилище 12.00 120000746498 Цб 249229 120000746498 1 6.14 Дост: Dp Вид: Д N: 5 Дата: 20.01.2010 Книги
  Не е изгубен Не е повреден без рестрикции заемане за дома 149011 Регионална библиотека "Любен Каравелов" Русе Регионална библиотека "Любен Каравелов" Русе Заемна - подръчен фонд 2011-08-31 Заемна - подръчен фонд 12.00 120000752659 П 311/И 21 120000752659 2 6.14 Дост: KN Вид: А N: 13 Дата: 31.08.2011 Дата инв: 02.02.2018 Бележки инв: П2018 Книги
Vip Innovations Ltd, Rousse, Bulgaria 2025